|
|
|
|
| LEADER |
01407nam a2200349 a 4500 |
| 001 |
1471 |
| 003 |
BD-DhAAL |
| 005 |
20150427115134.0 |
| 008 |
150427s1991 caua b 001 0 eng |
| 010 |
|
|
|a 90024419
|
| 020 |
|
|
|a 1555423434 (alk. paper)
|
| 040 |
|
|
|a DLC
|c DLC
|d DLC
|d BD-DhAAL
|
| 050 |
0 |
0 |
|a HC241.2
|b .M2376 1991
|
| 082 |
0 |
0 |
|a 337.1/42
|2 20
|
| 245 |
0 |
0 |
|a Single market Europe :
|b opportunities and challenges for business /
|c [edited by] Spyros G. Makridakis and associates.
|
| 250 |
|
|
|a 1st ed.
|
| 260 |
|
|
|a San Francisco :
|b Jossey-Bass Publishers,
|c 1991.
|
| 300 |
|
|
|a xxiv, 369 p. :
|b ill. ;
|c 24 cm.
|
| 490 |
|
|
|a The Jossey-Bass management series
|
| 500 |
|
|
|a "Published in collaboration with INSEAD, Fontainebleau, France"--T.p. verso.
|
| 504 |
|
|
|a Includes bibliographical references and index.
|
| 541 |
|
|
|e 1471
|
| 610 |
2 |
0 |
|a European Economic Community.
|9 10721
|
| 650 |
|
0 |
|a Europe 1992.
|9 10722
|
| 650 |
|
0 |
|a Finance
|z European Economic Community countries.
|9 10723
|
| 651 |
|
0 |
|a Europe
|x Economic integration.
|9 10724
|
| 651 |
|
0 |
|a European Economic Community countries
|x Commerce.
|9 10725
|
| 700 |
1 |
|
|a Makridakis, Spyros G.
|9 10726
|
| 710 |
2 |
|
|a Insead.
|9 10727
|
| 942 |
|
|
|2 ddc
|c BK
|
| 999 |
|
|
|c 34316
|d 34316
|
| 952 |
|
|
|0 0
|1 0
|2 ddc
|4 0
|6 337_142000000000000_SIN
|7 0
|9 53574
|a SCL
|b SCL
|c GEN
|d 2015-04-27
|e Gift: The Asia Foundation
|l 0
|o 337.142 SIN
|p 3020001471
|r 2015-04-27
|t 1
|w 2015-04-27
|y BK
|